MDQL
is popping MORE tags! Check the
thread
!
Quizzes
Events
Quiz Creation
Community
Videos
Private Events
Remove Ads
Sign In
Join for FREE
Feedback
Dark Mode
Quiz Categories
Sports
Geography
Music
Movies
Television
Just For Fun
Miscellaneous
History
Literature
Language
Science
Gaming
Entertainment
Religion
Holiday
For Kids
Quiz Lab
Recent
Popular Today
Quiz Kudos Today
Editor Picks
Curator Picks
Quizzes by...
Day
Popularity
Type
Ratings
Length
Year
Community
Subscriptions
Recent Discussions
Orange Saloon
Badges
Playlists
Quests
Create
Leaderboards
Showdown
Live 5
Trivia Bingo
Activity
Puzzle Library
Sporcle Events
Private Events
Virtual Trivia
Globe League
Become a Host
Pub Owners
SporcleCon
Opinionation
Our Games
Videos
Blog
Mobile Apps
Partnerships
Remove Ads and Go Orange
Feedback
Sports
Athletes
MLB
NBA
NHL
NFL
Soccer
Sports Teams
WWE
NCAA
Football
Premier League
Basketball
Baseball
Hockey
Golf
Tennis
Cricket
Rugby
Auto Racing
Olympics
World Cup
Sports
Athletes
MLB
NBA
NHL
NFL
Soccer
Sports Teams
WWE
NCAA
Football
Premier League
Basketball
Baseball
Hockey
Golf
Tennis
Cricket
Rugby
Auto Racing
Olympics
World Cup
Random Quiz
Search Sporcle
×
Editor Pick
Editor Pick
Sports
Scorer
Type in answers that appear in a list
Type in answers that appear in a list
Classic
Best Score? Go Orange.
Top 5 All Time NHL Team Goal Scorers Stats
Can you name the Top 5 All Time NHL Team Goal Scorers?
By
MattA75
20m
160 Questions
8,324 Plays
8,324 Plays
8,324 Plays
Comments
Comments
Give Quiz Kudos
Give Quiz Kudos
-
- Ratings
hide this ad
Replay
Link that replays current quiz
Next Quiz
Link to next quiz in quiz playlist
You Got
0%
They Got
Avg Score
48%
Avg Friend Score
Upgrade to see
Score Distribution
Jump to the score distribution portion of the page
Score
0/160
Timer
20:00
0
Plays Today
% Correct
Wayne Gretzky
93.6%
Mario Lemieux
86.6%
Brett Hull
86.6%
Bobby Hull
86.6%
Teemu Selanne
85.7%
Gordie Howe
85.6%
Mark Messier
85%
Sidney Crosby
84.5%
Joe Sakic
84.1%
Jarome Iginla
82.2%
Mike Modano
82.1%
Steve Yzerman
81.8%
Maurice Richard
80%
Rick Nash
79.2%
Ilya Kovalchuk
79%
Corey Perry
77.4%
Phil Esposito
76.8%
Steven Stamkos
76.5%
Jari Kurri
75.4%
Mike Bossy
75.2%
Alexander Ovechkin
75%
Mats Sundin
74.5%
Daniel Alfredsson
74.3%
Patrick Kane
73.7%
Ron Francis
72.5%
Patrick Marleau
72.3%
Guy Lafleur
71.5%
Bobby Clarke
71.3%
Luc Robitaille
71%
Denis Savard
70.9%
Daniel Sedin
69.8%
Stan Mikita
69.6%
Marian Hossa
68.6%
Marcel Dionne
68.4%
Bryan Trottier
67.6%
Martin St. Louis
67.5%
Marian Gaborik
66.9%
Mike Gartner
65.7%
Pat LaFontaine
64.1%
Shane Doan
63%
Patrice Bergeron
62.9%
Brad Marchand
62.5%
Ryan Getzlaf
62.3%
Aleksander Barkov
62%
Sergei Fedorov
61.6%
Theoren Fleury
61.2%
Blake Wheeler
61.2%
Paul Kariya
60.6%
Glenn Anderson
60.3%
Peter Stastny
59.3%
Nathan MacKinnon
59.3%
Milan Hejduk
58.2%
Vincent Lecavalier
57.9%
Dany Heatley
57.7%
% Correct
Gilbert Perreault
57.4%
Jean Beliveau
56.9%
Keith Tkachuk
56.7%
Mark Scheifele
56.1%
Patrick Elias
55.9%
Alexei Yashin
55.5%
Markus Naslund
55.3%
Olli Jokinen
54.7%
Johnny Bucyk
54.5%
Pavel Bure
54%
Jason Spezza
53.8%
Dave Andreychuk
53.5%
John LeClair
53.4%
John MacLean
52.8%
Joe Nieuwendyk
52.7%
David Legwand
52.4%
Filip Forsberg
52.4%
Joe Pavelski
52.3%
Peter Bondra
52%
Leon Draisaitl
50.4%
Joe Thornton
50.3%
Jared McCann
50%
Vladimir Tarasenko
49.5%
Jean Pronovost
48.8%
Jakob Silverberg
48.6%
Dale Hawerchuk
48.2%
Anze Kopitar
48%
Darryl Sittler
48%
Logan Couture
47.7%
Stan Smyl
47.3%
Reilly Smith
46.8%
Kyle Connor
46.7%
Denis Potvin
46.7%
Dino Ciccarelli
46%
Mikko Koivu
45.9%
Pavel Bure
45.8%
Michel Goulet
45.7%
Henrik Zetterberg
45.2%
Eric Staal
45.1%
Rod Gilbert
44.5%
Trevor LInden
44.2%
Jaromir Jagr
43.2%
Rick Martin
43%
Zach Parise
43%
Bernie Federko
42.5%
Adam Graves
42.1%
William Karlsson
42%
Zach Parise
42%
Alex Delvecchio
41.9%
Evgeni Malkin
41%
Bill Barber
40.7%
Gary Roberts
40.6%
Jamie Benn
40.2%
Oliver Bjorkstrand
40%
% Correct
Paul MacLean
39.7%
Dave Taylor
39.6%
Bryan Little
39.6%
Nikita Kucherov
39.4%
Cam Atkinson
39.3%
Steve Shutt
38.3%
Brian Bellows
37.7%
Jean Ratelle
36.8%
Jonathan Huberdeau
36.5%
Steve Larmer
35.8%
Craig Smith
35.7%
Scott Mellanby
35.7%
Brian Sutter
35.4%
Martin Erat
35.3%
Thomas Steen
35.1%
Tim Kerr
33.7%
Brayden Point
33.6%
Yvan Cournoyer
33.1%
Dave Keon
32.8%
Rick Middleton
32.7%
Clark Gillies
32.6%
Tomas Hertl
31.7%
Kevin Dineen
31.2%
Nick Foligno
31.2%
Brian Propp
31.1%
Shea Weber
30.6%
Travis Zajac
30.5%
Jordan Eberle
30%
Kirill Kaprizov
29.7%
Auston Matthews
29.2%
Jason Zucker
28.3%
Bernie Nicholls
26.5%
Nicklas Backstrom
26.3%
Sebastian Aho
25.5%
Jonathan Marchessault
25.4%
Kent Nilsson
24.8%
Bobby Holik
24.4%
Danny Gare
24.1%
Andy Bathgate
24%
Thomas Vanek
23.1%
R.J. Umberger
22.1%
Max Pacioretty
21.4%
Chris Kreider
20.7%
Mike Ridley
19.8%
Garry Unger
18%
Blaine Stoughton
17.7%
Boone Jenner
17.7%
Tyler Seguin
15.4%
Ron Ellis
14.8%
Mark Stone
10.9%
Yanni Gourde
10%
Jaden Schwartz
0%
Quiz Playlist
Details
Report
Send in Message
Add To Playlist
Classic:
Type in answers that appear in a list
Last Updated: Feb 8, 2024
Editor Pick in
Sports
Quiz Scoreboard
CHALLENGE
Sign Up to Join the Scoreboard
Show All
Scores
Hide
Comments
May contain spoilers
Recently Published
1-10 Letter E Words III
by El_Dandy
Language
2m
Street Fighter Characters
by Artimus82
Gaming
60s
College Basketball Coaching Resumes
by pancakes188
Sports
9m
More to Explore
Quiz From the Vault
Featured Blog Post
Where Did the Easter Bunny Come From?
hide this ad
You Might Also Like...
Tags
goal
Scorer
Today's Top Quizzes in Sports
Browse Sports
hide this ad
Today's Top Quizzes in Scorer
Browse Scorer
Top Contributed Quizzes in Sports
1
2022 World Cup Stars
2
Les meilleurs buteurs des matchs entre le PSG et l’OM
3
FIFA Club World Cup Champions
4
Les entraîneurs de l'OM et du PSG au 21e siècle
5
Criteria MLB: Left Handed Sluggers
6
2023 MLB Unique Player Accomplishments
7
AFC Teams Reveal (Wrong Answers Minefield)
8
Players with Multiple 50 Home Run Seasons
9
5-to-1: FBS Animal Nicknames
10
5-to-1: UK Sports Teams
Explore More
Trending Topics
Disney
Crossword
NBA
Marvel
Kpop
Harry Potter
Anime
Puzzle
NFL
Soccer
WWE
Country
Pokémon
The Office
Song
hide this ad
More By:
MattA75
Quiz
Plays
Rating
Category
Featured
Created
Top 5 All Time NHL Team Goal Scorers
8,324
4.34
Sports
Oct 17, 2009
Pearl Jam Grab Bag
2,898
3.85
Music
Oct 19, 2009
Needles in the Rock Hall Haystack (Clickable)
1,882
3.27
Music
May 26, 2012
Rolling Stone's 100 Greatest Heavy Metal Albums
1,865
3.44
Music
Jun 21, 2017
Calder, Hart & Stanley
1,793
5.00
Sports
Jul 1, 2020
Go to Creator's Profile
Score Distribution
Quiz Creator Spotlight
MattA75
Follow
Send a Message
Quizzes Created
-
Created Quiz Play Count
-
More By This Creator
Popular Quizzes Today
1
Find the US States - No Outlines Minefield
2
Find the Countries of Europe - No Outlines Minefield
3
The Countries of the World
4
Find the US States
5
Risky Map Clicking: Biggest States A-Z
6
US States
7
Popular People in 1961
8
Movies - When Are They Set?
More Sports Quizzes
Lilian Thuram's Clubs
Quiz Lab
Trending Quizzes
Risky Map Clicking: Least Populous States A-Z
Billboard Blitz: Aretha Franklin
Famous Russians: Author or Composer?
1-10 Letter G Words
Countries of the World: 200 Million BC
Recently Updated
Leaping Animals
pecheneg
Reality TV Shows (A-Z)
bhenderson79
Rickey Henderson's Hall of Fame Teammates
pecheneg
Champions League XIs: Arsenal
pecheneg
Quick Pick: Celebrities in WWE's Hall of Fame
aduchscher
A-Z Keypad Blitz II
pecheneg
Multiple Oscar Actors
pecheneg
Mystery Phrase Blitz: Oscar 'Best Actors'
pecheneg
F. Scott Fitzgerald Novels
LTH
Pick 3 Villains
ddd62291
Trending Topics
Disney
Anime
NBA
Marvel
Crossword
Kpop
Harry Potter
Soccer
NFL
Pokémon
The Office
Song
WWE
Puzzle
Country
Your Account Isn't Verified!
In order to create a playlist on Sporcle, you need to verify the email address you used during registration. Go to your
Sporcle Settings
to finish the process.
Report this User
Report this user for behavior that violates our
Community Guidelines
.
Details:
Send Report
Go to the Sporcle.com Mobile Site →
Comments